000 00588nam a2200169 a 4500
001 7505
003 CO-ViMGA
008 141112s2004 ck r 000 u spa d
040 _aCO-ViMGA
_bspa
_cCO-ViMGA
082 0 4 _a330.9 C653
100 1 _aCongreso de Economía internacional, 1o.. Santafé de Bogotá, 19 noviembre de 1991
_96807
245 1 0 _aLa inserción de América latina en la Economía internacional
260 _aSantafé de Bogotá :
_bImprenta contraloria general de la república,
_c1991
300 _a284 p
650 1 4 _aEconomía Latinoaméricana
_950597
942 _2ddc
_cBK
999 _c19452
_d19452